Entrepreneurship : a process perspective

Bibliographic Details
Main Author: Baron, Robert A.
Format: Book
Published: Australia : Thomson/South-Western , 2005
Subjects:

MARC

LEADER 00000cam a2200000 7i4500
001 0000088231
005 20081218.0
020 |a 0324273568 
090 0 0 |a 338.04   |b BAR 
100 0 |a Baron, Robert A. 
245 1 0 |a Entrepreneurship :   |b a process perspective   |c Robert A. Baron and Scott A. Shane 
260 |a Australia :   |b Thomson/South-Western ,   |c 2005 
300 |a 431p. ;   |c 28cm. 
650 0 0 |a Entrepreneurship 
650 0 0 |a New business enterprises 
999 |a 00179503   |b BUKU   |c RUJUKAN   |e PERPUSTAKAAN KOMUNITI PETALING JAYA